| 000 | 01239cas a2200277 a 4500 | ||
|---|---|---|---|
| 005 | 20251013132408.0 | ||
| 006 | s|||||o|||| 00| 0 | ||
| 008 | 991125c2009 mx fr p|o 000 00spa d | ||
| 022 | _a2683-2526 | ||
| 035 | _aUPN01000235897 | ||
| 040 |
_aMX-MxUPN _bspa _eaacr2 |
||
| 049 | _aREV-E | ||
| 245 | 1 | 0 |
_aDocere _h[recurso electrónico en línea] |
| 260 |
_aAguascalientes, México : _bUniversidad Autónoma de Aguascalientes. Departamento de Formación y Actualización Académica, _c2009- |
||
| 310 | _aSemestral | ||
| 506 | 0 | _aAcceso abierto | |
| 510 | 1 | _aLatindex | |
| 510 | 1 | _aDialnet | |
| 520 | 1 | _aEs una publicación que abarca artículos que contribuyen al desarrollo de conocimientos, habilidades, actitudes y valores en profesores de secundaria y superior para que puedan afrontar su práctica de acuerdo con los retos del contexto actual, principalmente relacionados con la planificación, implementación, seguimiento y evaluación de la enseñanza y el aprendizaje, y de la propia práctica educativa. | |
| 650 | 4 |
_aEducación _9682 |
|
| 650 | 4 |
_aProceso enseñanza-aprendizaje _942 |
|
| 856 | 4 | _uhttps://revistas.uaa.mx/docere | |
| 902 | _aGloria Jiménez/131025 | ||
| 905 | _aRevista | ||
| 942 | _cREV-E | ||
| 999 |
_c207992 _d207992 |
||